00680nam a22001937a 450000500170000002000250001703700250004210000310006724500730009826000440017127000410021530000290025649000270028570000240031270000220033694200170035899900170037595200940039220111212143040.0 a9788121938266c99.00 bS. Chand Publishing  aPerkins, Catherine 936847 aThe most excellent book of how to be a clown /cby Catherine Parkins aNew Delhi bS. Chand Publishing c2011 a7361, Ram Nagar bNew Delhi e110055 a32p. bill. c24cm(pbk)  aMost excellent 936848 aSarah Levete936843 aShone, Rob936844 2ddccCHmPER c59303d59303 00104070aAGbAGd2011-12-12g99.00l0oPERr2011-12-12 00:00:00v99.00w2011-12-12yCH